000 00466nam a22001577a 4500
020 _a9780983100584
040 _cNUST
082 _a658.406
_bSHA
100 _aShah, Hiral
_9123177
110 _aNowocin, Walter
_9123178
245 _aA Guide to the Engineering Management Body of Knowledge
250 _a4th Edition
260 _aHuntsville,
_bAmerican Society for Engineering Management,
_c2015.
650 _aEngineering Management
_967147
942 _2ddc
_cBK
999 _c609458
_d609458